Soz-e-khayal / (Record no. 589108)

000 -LEADER
fixed length control field 00312nam a22001217a 4500
082 ## - DEWEY DECIMAL CLASSIFICATION NUMBER
Classification number 891.4391
Author Mark SEL
100 ## - MAIN ENTRY--PERSONAL NAME
Personal name Selah-ud-din, Shiekh
245 ## - TITLE STATEMENT
Title Soz-e-khayal /
Statement of responsibility, etc. Shiekh Selah-ud-din
260 ## - PUBLICATION, DISTRIBUTION, ETC.
Place of publication, distribution, etc. Rawalpindi :
Name of publisher, distributor, etc. S.T. Printers,
Date of publication, distribution, etc. 2016.
300 ## - PHYSICAL DESCRIPTION
Extent 136p. ;
Dimensions 22 cm.
563 ## - BINDING INFORMATION
Binding note HBK.
942 ## - ADDED ENTRY ELEMENTS (KOHA)
Source of classification or shelving scheme
Koha item type Book
Holdings
Withdrawn status Lost status Source of classification or shelving scheme Damaged status Not for loan Permanent Location Current Location Shelving location Date acquired Source of acquisition Total Checkouts Full call number Barcode Date last seen Price effective from Koha item type
          Central Library (CL) Central Library (CL) Urdu Literature 04/12/2022 Donation   891.4391 SEL CL-D-1593 04/12/2022 04/12/2022 Book
          Central Library (CL) Central Library (CL) Urdu Literature 05/11/2022 Donation   891.4391 SEL CL-D-1722 05/11/2022 05/11/2022 Book
© 2023 Central Library, National University of Sciences and Technology. All Rights Reserved.